Normal view
MARC view
- Sykes, Richard W
Entry Personal Name
001 - CONTROL NUMBER
- control field: 112676
003 - CONTROL NUMBER IDENTIFIER
- control field: NUST
005 - DATE AND TIME OF LATEST TRANSACTION
- control field: 20230526103148.0
008 - FIXED-LENGTH DATA ELEMENTS
- fixed length control field: 230526|| aca||aabn | a|a d
040 ## - CATALOGING SOURCE
- Original cataloging agency: NUST
- Transcribing agency: NUST
100 ## - HEADING--PERSONAL NAME
- Personal name: Sykes, Richard W
670 ## - SOURCE DATA FOUND
- Source citation: Work cat.: (NUST)188529: Mali, Paul. 112674, Writing and word processing for engineers and scientists :, c1985.
